Normal view MARC view

Entry Personal Name

Number of records used in: 1

001 - CONTROL NUMBER

  • control field: 531577

003 - CONTROL NUMBER IDENTIFIER

  • control field: OSt

005 - DATE AND TIME OF LATEST TRANSACTION

  • control field: 20220930073434.0

008 - FIXED-LENGTH DATA ELEMENTS

  • fixed length control field: 220930|| aca||aabn | a|a d

040 ## - CATALOGING SOURCE

  • Original cataloging agency: OSt
  • Transcribing agency: OSt

100 ## - HEADING--PERSONAL NAME

  • Personal name: Dr Satyendra Taneja Supervisor

670 ## - SOURCE DATA FOUND

  • Source citation: Work cat.: (OSt)865031: Gautam Veena, Hindi ke samajik natakoan mein madhya vargiya chetna, 1981
Copyright @ Delhi University Library System